000 00204 a2200109 4500
020 _a9789968129121
041 _aspa
100 _aSantillana
245 _aCiencia Sociales 3
942 _cBK
952 _71
999 _c22133
_d22133